<?xml version="1.0" encoding="UTF-8"?><?xml-stylesheet type="text/xsl" href="static/style.xsl"?><OAI-PMH xmlns="http://www.openarchives.org/OAI/2.0/" xmlns:xsi="http://www.w3.org/2001/XMLSchema-instance" xsi:schemaLocation="http://www.openarchives.org/OAI/2.0/ http://www.openarchives.org/OAI/2.0/OAI-PMH.xsd"><responseDate>2026-04-17T00:23:27Z</responseDate><request verb="GetRecord" identifier="oai:www.recercat.cat:2117/446322" metadataPrefix="marc">https://recercat.cat/oai/request</request><GetRecord><record><header><identifier>oai:recercat.cat:2117/446322</identifier><datestamp>2026-02-05T02:34:10Z</datestamp><setSpec>com_2072_1033</setSpec><setSpec>col_2072_452950</setSpec></header><metadata><record xmlns="http://www.loc.gov/MARC21/slim" xmlns:dcterms="http://purl.org/dc/terms/" xmlns:xsi="http://www.w3.org/2001/XMLSchema-instance" xmlns:doc="http://www.lyncode.com/xoai" xsi:schemaLocation="http://www.loc.gov/MARC21/slim http://www.loc.gov/standards/marcxml/schema/MARC21slim.xsd">
   <leader>00925njm 22002777a 4500</leader>
   <datafield ind2=" " ind1=" " tag="042">
      <subfield code="a">dc</subfield>
   </datafield>
   <datafield ind2=" " ind1=" " tag="720">
      <subfield code="a">Novell Masot, Sergi</subfield>
      <subfield code="e">author</subfield>
   </datafield>
   <datafield ind2=" " ind1=" " tag="720">
      <subfield code="a">Gil Marín, Héctor</subfield>
      <subfield code="e">author</subfield>
   </datafield>
   <datafield ind2=" " ind1=" " tag="720">
      <subfield code="a">Verde, Licia</subfield>
      <subfield code="e">author</subfield>
   </datafield>
   <datafield ind2=" " ind1=" " tag="720">
      <subfield code="a">Aguilar, Jessica Nicole</subfield>
      <subfield code="e">author</subfield>
   </datafield>
   <datafield ind2=" " ind1=" " tag="720">
      <subfield code="a">Ahlen, Steven</subfield>
      <subfield code="e">author</subfield>
   </datafield>
   <datafield ind2=" " ind1=" " tag="720">
      <subfield code="a">Bailey, Steven</subfield>
      <subfield code="e">author</subfield>
   </datafield>
   <datafield ind2=" " ind1=" " tag="720">
      <subfield code="a">Benzvi, Segev</subfield>
      <subfield code="e">author</subfield>
   </datafield>
   <datafield ind2=" " ind1=" " tag="720">
      <subfield code="a">Bianchi, Davide</subfield>
      <subfield code="e">author</subfield>
   </datafield>
   <datafield ind2=" " ind1=" " tag="720">
      <subfield code="a">Brooks, David</subfield>
      <subfield code="e">author</subfield>
   </datafield>
   <datafield ind2=" " ind1=" " tag="720">
      <subfield code="a">Pérez Ràfols, Ignasi</subfield>
      <subfield code="e">author</subfield>
   </datafield>
   <datafield ind2=" " ind1=" " tag="260">
      <subfield code="c">2025-06-01</subfield>
   </datafield>
   <datafield ind2=" " ind1=" " tag="520">
      <subfield code="a">We present the first joint analysis of the power spectrum and bispectrum using the Data Release 1 (DR1) of the Dark Energy Spectroscopic Instrument (DESI), focusing on Luminous Red Galaxies (LRGs) and quasars (QSOs) across a redshift range of 0.4 = z = 2.1. By combining the two- and three-point statistics, we are able to partially break the degeneracy between the logarithmic growth rate, f(z), and the amplitude of dark matter fluctuations,  ss8(z), which cannot be measured separately in analyses that only involve the power spectrum. In comparison with the (fiducial) Planck ¿CDM cosmology we obtain  f/ffid = {0.888-0.089+0.186,0.977-0.220+0.182,1.030-0.085+0.368},  ss8/sfids8 = {1.224-0.133+0.091,1.071-0.163+0.278,1.00 0-0.223+0.088} respectively for the three LRG redshift bins, corresponding to a cumulative 10.1% constraint on f, and of 8.4% on ss8, including the systematic error budget. Additionally, we obtain constraints for the ShapeFit compressed parameters describing the isotropic scaling parameter, aiso(z), the Alcock-Paczynski parameter,  aAP(z), the combined growth of structure parameter fss8(z), and the combined shape parameter m(z)+n(z). Their cumulative constraints from our joint power spectrum-bispectrum analysis are respectively saiso = 0.9% (9% improvement with respect to our power spectrum-only analysis); saAP = 2.3% (no improvement with respect to power spectrum-only analysis, which is expected given that the bispectrum monopole has no significant anisotropic signal); sfss8 = 5.1% (9% improvement); sm+n = 2.3% (11% improvement). These results are fully consistent with the main DESI power spectrum analysis, demonstrating the robustness of the DESI cosmological constraints, and compatible with Planck ¿CDM cosmology.</subfield>
   </datafield>
   <datafield ind2=" " ind1=" " tag="520">
      <subfield code="a">Postprint (published version)</subfield>
   </datafield>
   <datafield tag="653" ind2=" " ind1=" ">
      <subfield code="a">Àrees temàtiques de la UPC::Física::Astronomia i astrofísica</subfield>
   </datafield>
   <datafield tag="653" ind2=" " ind1=" ">
      <subfield code="a">Cosmological parameters from LSS</subfield>
   </datafield>
   <datafield tag="653" ind2=" " ind1=" ">
      <subfield code="a">Power spectrum</subfield>
   </datafield>
   <datafield tag="653" ind2=" " ind1=" ">
      <subfield code="a">Redshift surveys</subfield>
   </datafield>
   <datafield ind2="0" ind1="0" tag="245">
      <subfield code="a">Full-Shape analysis of the power spectrum and bispectrum of DESI DR1 LRG and QSO samples</subfield>
   </datafield>
</record></metadata></record></GetRecord></OAI-PMH>